| 000 | 00689nam a22002297a 4500 | ||
|---|---|---|---|
| 005 | 20160609125504.0 | ||
| 010 | _aENG-115249 | ||
| 020 |
_a9789352602094 _c799.00 |
||
| 020 |
_a9352602099 _c799.00 |
||
| 035 | _aEN-98781 | ||
| 037 | _bDBAD/PUB | ||
| 082 | _23 | ||
| 100 | _aMcconnell,David | ||
| 245 |
_aThe good earth : _cDavid Mcconnell,David Steer,Catharine Knight [and] Katharine Owens _bintroduction to earth science / |
||
| 246 | _a : | ||
| 260 |
_aNew Delhi _bMcGraw Hill Education _c2016 |
||
| 270 |
_aP-24,Green Park Ext. _bNew Delhi _e110016 |
||
| 300 |
_a536p. _bill. _c25cm(ppk) |
||
| 500 | _aIncludes index and map | ||
| 700 | _aRego,Shailaja. | ||
| 942 |
_2ddc _cEN _kSRI |
||
| 999 |
_c100247 _d100247 |
||